[Event "London Classic U2050 op 10th"]
[Site "London"]
[Date "2018.12.16"]
[Round "5"]
[White "Verma, Aditya"]
[Black "Walker, Nicholas P"]
[Result "1-0"]
[WhiteElo "2035"]
[BlackElo "2135"]
[PlyCount "57"]
[EventDate "2018.12.14"]
[EventType "swiss"]
[EventRounds "5"]
[EventCountry "ENG"]
[SourceTitle "CBM 187 Extra"]
[Source "ChessBase"]
[SourceDate "2018.11.04"]
[SourceVersion "1"]
[SourceVersionDate "2018.11.04"]
[SourceQuality "1"]

1. e4 c6 2. d4 d5 3. e5 Bf5 4. Nc3 e6 5. g4 Bg6 6. Nge2 Bb4 7. Bg2 Nd7 8. h4 h6 9. Nf4 Ne7 10. Be3 c5 11. a3 cxd4 12. Bxd4 Bxc3+ 13. bxc3 Qc7 14. Qe2 Bh7 15. 0-0 0-0 16. Rfe1 Nc6 17. g5 Nxd4 18. cxd4 Qxc2 19. Qg4 Bf5 20. Qg3 Kh7 21. Rac1 Qd2 22. Red1 Qa5 23. Bh3 Bxh3 24. Qxh3 Qb6 25. Rc3 Rac8 26. Rg3 Rc2 27. gxh6 g6 28. h5 Nxe5 29. Rb3 1-0

[Event "BCF-chT3Sa 1718 (4NCL)"]
[Site "England"]
[Date "2018.03.24"]
[Round "7.12"]
[White "Villiers, Thomas"]
[Black "Walker, Nicholas P"]
[Result "1/2-1/2"]
[WhiteElo "2157"]
[BlackElo "2121"]
[PlyCount "81"]
[EventDate "2017.11.11"]
[EventType "team-tourn"]
[EventRounds "11"]
[EventCountry "ENG"]
[SourceTitle "EXT 2020"]
[Source "ChessBase"]
[SourceDate "2019.10.17"]
[SourceVersion "1"]
[SourceVersionDate "2019.10.17"]
[SourceQuality "1"]
[WhiteTeam "Barnet Knights"]
[BlackTeam "Hackney"]
[WhiteTeamCountry "ENG"]
[BlackTeamCountry "ENG"]

1. e4 e5 2. Nf3 Nc6 3. Bc4 Nf6 4. Ng5 d5 5. exd5 b5 6. Bf1 Qxd5 7. Nc3 Qc5 8. Bxb5 Bg4 9. Nge4 Nxe4 10. Bxc6+ Qxc6 11. Qxg4 Nf6 12. Qa4 Qxa4 13. Nxa4 0-0-0 14. d3 e4 15. dxe4 Rd4 16. Nc3 Nxe4 17. Be3 Rc4 18. Nxe4 Rxe4 19. 0-0-0 Bd6 20. Kb1 a6 21. h3 Rhe8 22. Rd3 f5 23. Rhd1 f4 24. Bd4 g5 25. a4 h5 26. b3 Kb7 27. Bf6 Re2 28. R1d2 g4 29. hxg4 hxg4 30. Kb2 Re1 31. f3 g3 32. b4 R8e2 33. c3 Rf2 34. Bd4 Ree2 35. Kc2 Rxg2 36. Rxe2 Rxe2+ 37. Rd2 Rh2 38. Bg1 Rh1 39. Rg2 a5 40. b5 Rh5 41. Kd3 1/2-1/2

[Event "BCF-chT3S 1617 (4NCL) Demotion pool"]
[Site "England"]
[Date "2017.04.29"]
[Round "9.53"]
[White "Martin, Lewis"]
[Black "Walker, Nicholas P"]
[Result "1-0"]
[WhiteElo "2062"]
[BlackElo "2135"]
[PlyCount "81"]
[EventDate "2016.11.26"]
[EventType "team-tourn"]
[EventRounds "11"]
[EventCountry "ENG"]
[SourceTitle "EXT 2019"]
[Source "ChessBase"]
[SourceDate "2018.10.10"]
[SourceVersion "1"]
[SourceVersionDate "2018.10.10"]
[SourceQuality "1"]
[WhiteTeam "Brown Jack"]
[BlackTeam "Hackney"]
[WhiteTeamCountry "ENG"]
[BlackTeamCountry "ENG"]

1. e4 c5 2. Nf3 d6 3. d4 cxd4 4. Nxd4 Nf6 5. Nc3 a6 6. Bg5 e6 7. f4 h6 8. Bh4 Be7 9. Qf3 Nbd7 10. 0-0-0 Qc7 11. Be2 b5 12. e5 Bb7 13. exf6 Bxf3 14. Bxf3 d5 15. Bxd5 gxf6 16. Bxa8 0-0 17. Bf3 Nb6 18. Kb1 Bb4 19. Ne4 f5 20. Nf2 Qxf4 21. Bg3 Qg5 22. Nc6 Bc5 23. Nd3 Be3 24. Bd6 Re8 25. h4 Qg7 26. Nde5 Kh7 27. Bh5 Rc8 28. Ne7 Re8 29. Nxf7 Rxe7 30. Bxe7 Nc4 31. Ba3 Bd4 32. Bf8 Qxf8 33. Rxd4 Qb4 34. Rxc4 bxc4 35. c3 Qb7 36. Nd6 Qxg2 37. Rd1 e5 38. Bf7 Qg4 39. Kc1 Qxh4 40. Bxc4 a5 41. Rg1 1-0

[Event "BCF-chT3Sb 1617 (4NCL)"]
[Site "England"]
[Date "2017.01.15"]
[Round "4.51"]
[White "Walker, Nicholas P"]
[Black "Farkas, Daniel"]
[Result "0-1"]
[WhiteElo "2152"]
[BlackElo "2090"]
[PlyCount "80"]
[EventDate "2016.11.26"]
[EventType "team-tourn"]
[EventRounds "11"]
[EventCountry "ENG"]
[SourceTitle "EXT 2019"]
[Source "ChessBase"]
[SourceDate "2018.10.10"]
[SourceVersion "1"]
[SourceVersionDate "2018.10.10"]
[SourceQuality "1"]
[WhiteTeam "Hackney"]
[BlackTeam "Fermented Sharks"]
[WhiteTeamCountry "ENG"]
[BlackTeamCountry "ENG"]

1. e4 c6 2. d4 d5 3. e5 c5 4. dxc5 e6 5. Nf3 Bxc5 6. Bd3 Nc6 7. 0-0 Nge7 8. Nbd2 Ng6 9. Nb3 Bb6 10. Bg5 Qc7 11. Bxg6 hxg6 12. Qe2 Bd7 13. Rfd1 Rc8 14. c3 0-0 15. Rac1 Qb8 16. c4 Rfe8 17. Bh4 Nb4 18. c5 Bc7 19. Bg3 Nxa2 20. Ra1 Nb4 21. Rd4 Nc6 22. Rg4 Ne7 23. Nbd4 Nf5 24. b4 Bd8 25. h4 Nh6 26. Rf4 a5 27. Nb5 Bxb5 28. Qxb5 Bc7 29. bxa5 Bxe5 30. Nxe5 Qxe5 31. Rd1 Nf5 32. Bh2 Qc3 33. Qxb7 Qxa5 34. c6 Rc7 35. Rb1 Nd6 36. Qb6 Qxb6 37. Rxb6 e5 38. Ra4 Nc4 39. Rb5 Rxc6 40. Rxd5 Nb6 0-1

[Event "BCF-chT3 1415 (4NCL)"]
[Site "England"]
[Date "2015.05.02"]
[Round "9.245"]
[White "Walker, Nicholas P"]
[Black "Staples, Neil"]
[Result "1-0"]
[WhiteElo "2185"]
[BlackElo "1874"]
[PlyCount "89"]
[EventDate "2015.03.21"]
[EventType "team-swiss"]
[EventRounds "11"]
[EventCountry "ENG"]
[SourceTitle "EXT 2016"]
[Source "ChessBase"]
[SourceDate "2015.10.08"]
[SourceVersion "1"]
[SourceVersionDate "2015.10.08"]
[SourceQuality "1"]
[WhiteTeam "Hackney II"]
[BlackTeam "Banbury Bulldogs"]
[WhiteTeamCountry "ENG"]
[BlackTeamCountry "ENG"]

1. Nf3 d6 2. d4 Nd7 3. e4 e5 4. Bc4 Be7 5. dxe5 Nxe5 6. Nxe5 dxe5 7. Qh5 g6 8. Qxe5 Nf6 9. Bh6 Qd6 10. Qxd6 cxd6 11. Nc3 Be6 12. Bb5+ Bd7 13. 0-0-0 0-0-0 14. f3 Be6 15. Rhe1 a6 16. Ba4 b5 17. Bb3 Rhe8 18. Bd5 Bxd5 19. Nxd5 Nxd5 20. Rxd5 f6 21. Bd2 Bf8 22. a4 Re5 23. axb5 axb5 24. Ba5 Rd7 25. Bc3 Rxd5 26. exd5 Re7 27. Rxe7 Bxe7 28. Kd2 Kb7 29. Ke3 Kb6 30. Bb4 Kc7 31. g4 Kd7 32. Ke4 Ke8 33. f4 Kd7 34. Be1 Kc7 35. h4 Kb6 36. b4 Kc7 37. f5 Kd7 38. fxg6 hxg6 39. h5 f5+ 40. Kf4 fxg4 41. hxg6 Bf6 42. Kxg4 Bg7 43. Kf5 Bd4 44. Bh4 Bc3 45. Bf6 1-0

[Event "BCF-chT1b 1415 (4NCL)"]
[Site "England"]
[Date "2015.02.14"]
[Round "5.186"]
[White "Walker, Nicholas P"]
[Black "Burrows, Martin P"]
[Result "0-1"]
[WhiteElo "2170"]
[BlackElo "2136"]
[PlyCount "138"]
[EventDate "2014.11.15"]
[EventType "team-swiss"]
[EventRounds "11"]
[EventCountry "ENG"]
[SourceTitle "EXT 2016"]
[Source "ChessBase"]
[SourceDate "2015.10.08"]
[SourceVersion "1"]
[SourceVersionDate "2015.10.08"]
[SourceQuality "1"]
[WhiteTeam "Hackney"]
[BlackTeam "e2e4.org.uk"]
[WhiteTeamCountry "ENG"]
[BlackTeamCountry "ENG"]

1. e4 c5 2. Nf3 d6 3. d4 cxd4 4. Nxd4 Nf6 5. Nc3 a6 6. Be2 e5 7. Nb3 Be7 8. 0-0 0-0 9. Be3 Be6 10. f3 Nbd7 11. a4 Qc7 12. a5 Rac8 13. Rf2 Qc6 14. Bd3 d5 15. exd5 Nxd5 16. Nxd5 Bxd5 17. Bf5 Be6 18. Be4 Qc7 19. Qd3 Bc4 20. Qc3 f5 21. Bd3 Be6 22. Qxc7 Rxc7 23. Re2 Bf6 24. Bd2 g6 25. Rae1 Bd5 26. Bb4 Rfc8 27. Nd2 Nc5 28. Bc4 Bxc4 29. Nxc4 Ne6 30. Nb6 Rd8 31. Bc3 Nd4 32. Bxd4 Rxd4 33. c4 Bg7 34. Kf2 Kf7 35. b3 Rd3 36. Re3 Rxe3 37. Kxe3 Bh6+ 38. Kd3 Re7 39. Nd5 Re8 40. g3 Bg7 41. Re2 h5 42. h3 Rh8 43. b4 h4 44. g4 e4+ 45. fxe4 fxg4 46. e5 Re8 47. Rf2+ Kg8 48. hxg4 Bxe5 49. Nf4 Rf8 50. Nh3 Rxf2 51. Nxf2 Bg3 52. Nh3 Be1 53. b5 Bxa5 54. Ke4 Kf7 55. Kd5 Bc7 56. Ng5+ Ke7 57. Nh3 Kd7 58. Ng5 Bf4 59. Nh3 Be3 60. Ke4 Bc1 61. Nf2 Ba3 62. Kf4 Bd6+ 63. Kf3 a5 64. Nd3 b6 65. g5 a4 66. Kg4 a3 67. Nc1 Bg3 68. Nb3 Kd6 69. Kh3 a2 0-1

[Event "BCF-chT2c 1314 (4NCL)"]
[Site "England"]
[Date "2014.05.03"]
[Round "9.48"]
[White "Slade, Theodore"]
[Black "Walker, Nicholas P"]
[Result "0-1"]
[WhiteElo "1812"]
[BlackElo "2177"]
[PlyCount "68"]
[EventDate "2013.11.16"]
[EventType "team-tourn"]
[EventRounds "11"]
[EventCountry "ENG"]
[SourceTitle "EXT 2015"]
[Source "ChessBase"]
[SourceDate "2014.11.20"]
[SourceVersion "1"]
[SourceVersionDate "2014.11.20"]
[SourceQuality "1"]
[WhiteTeam "Bristol"]
[BlackTeam "Hackney"]
[WhiteTeamCountry "ENG"]
[BlackTeamCountry "ENG"]

1. d4 d5 2. Nf3 c6 3. c4 Nf6 4. e3 Bf5 5. Nc3 e6 6. Nh4 Bg4 7. Qb3 b6 8. h3 Bh5 9. g4 Ne4 10. Nf3 Bg6 11. h4 Nxc3 12. bxc3 Be4 13. Be2 Be7 14. cxd5 exd5 15. h5 h6 16. Ba3 Nd7 17. Rg1 0-0 18. Nd2 c5 19. f3 c4 20. Qb2 Bh7 21. e4 Re8 22. Bxe7 Qxe7 23. e5 Qh4+ 24. Kf1 Nxe5 25. dxe5 Rxe5 26. Nxc4 dxc4 27. Bxc4 b5 28. Be2 Rae8 29. Re1 Rxe2 30. Rxe2 Bd3 31. Qd2 Rxe2 32. Qxe2 Bxe2+ 33. Kxe2 Qh2+ 34. Kf1 Qxa2 0-1

[Event "BCF-chT2b 1314 (4NCL)"]
[Site "England"]
[Date "2014.03.22"]
[Round "7.76"]
[White "Walker, Nicholas P"]
[Black "Shaw, Peter"]
[Result "0-1"]
[WhiteElo "2184"]
[BlackElo "2160"]
[PlyCount "88"]
[EventDate "2013.11.16"]
[EventType "team-swiss"]
[EventRounds "11"]
[EventCountry "ENG"]
[SourceTitle "EXT 2015"]
[Source "ChessBase"]
[SourceDate "2014.11.20"]
[SourceVersion "1"]
[SourceVersionDate "2014.11.20"]
[SourceQuality "1"]
[WhiteTeam "Hackney"]
[BlackTeam "White Rose II"]
[WhiteTeamCountry "ENG"]
[BlackTeamCountry "ENG"]

1. d4 e6 2. e4 b6 3. Nf3 Bb7 4. Bd3 c5 5. 0-0 cxd4 6. Nxd4 Nc6 7. Be3 Nf6 8. Nd2 Ne5 9. N2f3 Nxd3 10. cxd3 Be7 11. Rc1 Rc8 12. Rxc8 Qxc8 13. Qa4 a6 14. Rc1 Qb8 15. h3 0-0 16. Nb3 b5 17. Qd4 d6 18. Na5 Rc8 19. Qb6 Rxc1+ 20. Bxc1 Qc8 21. Bd2 Ba8 22. Bb4 Nd7 23. Qe3 Qc7 24. d4 Nf6 25. Nd2 Qc1+ 26. Kh2 Nxe4 27. Nab3 Qc6 28. f3 Nf6 29. Na5 Qc7 30. Qc3 Qxc3 31. bxc3 Nd5 32. Kg3 f5 33. Kf2 Kf7 34. a3 Bg5 35. Nf1 Nxb4 36. axb4 Bd5 37. g3 Bc1 38. f4 Bb2 39. Ne3 Bxc3 40. Nxd5 exd5 41. Nc6 Ke8 42. Ke2 Kd7 43. Kd3 Kxc6 44. Kxc3 h5 0-1

[Event "BCF-chT3S 1213 (4NCL)"]
[Site "England"]
[Date "2013.02.23"]
[Round "5.86"]
[White "Mossong, Hubert"]
[Black "Walker, Nicholas P"]
[Result "0-1"]
[WhiteElo "2152"]
[BlackElo "2165"]
[PlyCount "42"]
[EventDate "2012.11.03"]
[EventType "team-swiss"]
[EventRounds "6"]
[EventCountry "ENG"]
[SourceTitle "EXT 2014"]
[Source "ChessBase"]
[SourceDate "2013.11.20"]
[SourceVersion "1"]
[SourceVersionDate "2013.11.20"]
[SourceQuality "1"]
[WhiteTeam "Leeds University Old Boys"]
[BlackTeam "Hackney"]
[WhiteTeamCountry "ENG"]
[BlackTeamCountry "ENG"]

1. e4 e6 2. d4 d5 3. exd5 exd5 4. Bd3 Nc6 5. c3 Bd6 6. Qf3 Nge7 7. Ne2 Be6 8. Bf4 Ng6 9. Nd2 Qd7 10. Bxd6 Qxd6 11. h4 0-0-0 12. h5 Nge7 13. Qg3 Bf5 14. Bxf5+ Nxf5 15. Qg4 Qe6 16. 0-0-0 Nfxd4 17. Qxe6+ Nxe6 18. Nf3 Rhe8 19. Rh4 g5 20. hxg6 hxg6 21. Rh7 Nf8 0-1

[Event "BCF-chT3S 1213 (4NCL)"]
[Site "England"]
[Date "2013.01.13"]
[Round "4.155"]
[White "Walker, Nicholas P"]
[Black "Freeman, Richard"]
[Result "0-1"]
[WhiteElo "2165"]
[BlackElo "2027"]
[PlyCount "90"]
[EventDate "2012.11.03"]
[EventType "team-swiss"]
[EventRounds "6"]
[EventCountry "ENG"]
[SourceTitle "EXT 2014"]
[Source "ChessBase"]
[SourceDate "2013.11.20"]
[SourceVersion "1"]
[SourceVersionDate "2013.11.20"]
[SourceQuality "1"]
[WhiteTeam "Hackney"]
[BlackTeam "FCA Solutions II"]
[WhiteTeamCountry "ENG"]
[BlackTeamCountry "ENG"]

1. c4 g6 2. g3 Bg7 3. Bg2 d6 4. Nc3 Nc6 5. Rb1 e5 6. d3 f5 7. e4 Nf6 8. Nge2 0-0 9. 0-0 Be6 10. Nd5 Qd7 11. b4 Nd8 12. b5 c6 13. bxc6 bxc6 14. Nxf6+ Bxf6 15. Qa4 Rc8 16. Be3 g5 17. Qxa7 Qxa7 18. Bxa7 Ra8 19. Bb6 Rxa2 20. Nc3 Ra3 21. Rfc1 f4 22. c5 Be7 23. gxf4 gxf4 24. Bc7 Nf7 25. cxd6 Bxd6 26. Bxd6 Nxd6 27. Rb6 Bd7 28. Bf3 Kf7 29. Kf1 Rfa8 30. Ke2 R8a7 31. Kd2 Nb7 32. Bh5+ Ke7 33. Rg1 Nc5 34. Rg7+ Kd8 35. Rb8+ Kc7 36. Rb4 Nb3+ 37. Kc2 Nd4+ 38. Kb2 Kd6 39. Rxh7 Be6 40. Rhb7 Rxb7 41. Rxb7 Ra8 42. Rg7 Rb8+ 43. Kc1 Nb3+ 44. Kd1 Rh8 45. Rg5 Rxh5 0-1

[Event "GBR-ch 99th"]
[Site "North Shields"]
[Date "2012.08.02"]
[Round "10"]
[White "Rudd, Jack"]
[Black "Walker, Nicholas P"]
[Result "1-0"]
[WhiteElo "2295"]
[BlackElo "2179"]
[PlyCount "71"]
[EventDate "2012.07.23"]
[EventType "swiss"]
[EventRounds "11"]
[EventCountry "ENG"]
[SourceTitle "CBM 149 Extra"]
[Source "ChessBase"]
[SourceDate "2012.08.24"]
[SourceVersion "1"]
[SourceVersionDate "2012.08.24"]
[SourceQuality "1"]

1. e4 e6 2. d4 d5 3. Nd2 Be7 4. Ngf3 Nf6 5. Bd3 c5 6. e5 Nfd7 7. c4 cxd4 8. cxd5 exd5 9. 0-0 Nc5 10. Nb3 Bg4 11. Bb5+ Nc6 12. Qxd4 Bxf3 13. Nxc5 Qb6 14. Bxc6+ Qxc6 15. Be3 Qg6 16. g3 Qh5 17. Qa4+ b5 18. Qxb5+ Kf8 19. e6 f6 20. h4 g5 21. Nd7+ Kg7 22. Bd4 Qg4 23. Bxf6+ Bxf6 24. Qb7 Kh6 25. Nxf6 Qh3 26. hxg5+ Kxg5 27. Qg7+ Kf5 28. g4+ Bxg4 29. Nd7 Be2 30. Qf6+ Kg4 31. f3+ Kh5 32. Qg7 Bxf1 33. Nf6+ Kh4 34. Qh6+ Kg3 35. Qg5+ Kxf3 36. Rxf1+ 1-0

[Event "BCF-chT3 1112 (4NCL)"]
[Site "England"]
[Date "2012.04.01"]
[Round "8.13"]
[White "Lawson, Andrew"]
[Black "Walker, Nicholas P"]
[Result "0-1"]
[WhiteElo "2199"]
[BlackElo "2061"]
[PlyCount "82"]
[EventDate "2011.11.12"]
[EventType "team-swiss"]
[EventRounds "11"]
[EventCountry "ENG"]
[SourceTitle "EXT 2013"]
[Source "ChessBase"]
[SourceDate "2012.11.22"]
[SourceVersion "1"]
[SourceVersionDate "2012.11.22"]
[SourceQuality "1"]
[WhiteTeam "North East England"]
[BlackTeam "Hackney"]
[WhiteTeamCountry "ENG"]
[BlackTeamCountry "ENG"]

1. d4 d5 2. c4 Nc6 3. Nf3 Bg4 4. cxd5 Bxf3 5. dxc6 Bxc6 6. Nc3 e6 7. a3 Nf6 8. Bg5 Be7 9. Qd3 Nd5 10. Bxe7 Qxe7 11. Nxd5 exd5 12. Qg3 0-0 13. e3 Qe4 14. Kd2 f5 15. f4 Rf6 16. Bd3 Qe7 17. Qf2 b6 18. h3 Be8 19. Qf3 Qd6 20. g4 Bg6 21. g5 Rff8 22. h4 c5 23. h5 Be8 24. g6 h6 25. Rac1 Ba4 26. Bb1 Rae8 27. Rc3 c4 28. Ke2 a5 29. Kf2 b5 30. Rcc1 Kh8 31. Qh3 Qe6 32. Bc2 Bxc2 33. Rxc2 b4 34. axb4 axb4 35. Ra1 Ra8 36. Rcc1 Ra6 37. Qh1 Re8 38. Qe1 Rb6 39. Ra4 Qe7 40. Kg2 Re6 41. Qxb4 Qh4 0-1

[Event "BCF-chT3S 1112 (4NCL)"]
[Site "England"]
[Date "2011.11.13"]
[Round "2.2"]
[White "Walker, Nicholas P"]
[Black "Johansson, Toni"]
[Result "1-0"]
[WhiteElo "2061"]
[BlackElo "2122"]
[PlyCount "131"]
[EventDate "2011.11.12"]
[EventType "team-swiss"]
[EventRounds "6"]
[EventCountry "ENG"]
[SourceTitle "EXT 2013"]
[Source "ChessBase"]
[SourceDate "2012.11.22"]
[SourceVersion "1"]
[SourceVersionDate "2012.11.22"]
[SourceQuality "1"]
[WhiteTeam "Hackney"]
[BlackTeam "Fermented Sharks"]
[WhiteTeamCountry "ENG"]
[BlackTeamCountry "ENG"]

1. e4 c5 2. Nf3 d6 3. d4 cxd4 4. Nxd4 Nf6 5. Nc3 g6 6. Be3 Bg7 7. f3 Nc6 8. Qd2 0-0 9. 0-0-0 Nxd4 10. Bxd4 Be6 11. g4 Qa5 12. g5 Nh5 13. Bxg7 Nxg7 14. Kb1 Rfc8 15. Nd5 Qxd2 16. Rxd2 Bxd5 17. exd5 Rc5 18. Bh3 b5 19. Bd7 a5 20. Re1 Ra7 21. Bc6 Nh5 22. Re4 b4 23. Rd3 f5 24. Re1 Kf8 25. c3 bxc3 26. Rxc3 Rxc3 27. bxc3 Nf4 28. Kc2 Nh3 29. Kb3 Nxg5 30. Re3 f4 31. Re2 Rc7 32. Ka4 e5 33. Kxa5 Nxf3 34. Kb6 Re7 35. a4 e4 36. a5 e3 37. a6 Ng1 38. Re1 e2 39. Bb5 f3 40. Bxe2 Nxe2 41. Rf1 Kg7 42. Rxf3 g5 43. a7 g4 44. Rd3 Re8 45. c4 h5 46. Ra3 h4 47. a8Q Rxa8 48. Rxa8 g3 49. hxg3 hxg3 50. c5 g2 51. Ra1 dxc5 52. d6 Nf4 53. d7 Ne6 54. Rg1 Kf7 55. Rxg2 Ke7 56. Kc6 Nd4+ 57. Kxc5 Ne6+ 58. Kc6 Nd4+ 59. Kc7 Nb5+ 60. Kc6 Nd4+ 61. Kd5 Nb5 62. Rg7+ Kd8 63. Kc5 Nc7 64. Kc6 Ne6 65. Rg8+ Ke7 66. Re8+ 1-0

[Event "BCF-chT3S 1112 (4NCL)"]
[Site "England"]
[Date "2011.11.12"]
[Round "1.2"]
[White "Simons, Martin J"]
[Black "Walker, Nicholas P"]
[Result "0-1"]
[WhiteElo "2152"]
[BlackElo "2061"]
[PlyCount "54"]
[EventDate "2011.11.12"]
[EventType "team-swiss"]
[EventRounds "6"]
[EventCountry "ENG"]
[SourceTitle "EXT 2013"]
[Source "ChessBase"]
[SourceDate "2012.11.22"]
[SourceVersion "1"]
[SourceVersionDate "2012.11.22"]
[SourceQuality "1"]
[WhiteTeam "Wessex"]
[BlackTeam "Hackney"]
[WhiteTeamCountry "ENG"]
[BlackTeamCountry "ENG"]

1. e4 Nc6 2. d4 d5 3. Nc3 e6 4. e5 Nge7 5. f4 Nf5 6. Nf3 Be7 7. Be2 b6 8. 0-0 Ncxd4 9. Bd3 Nxf3+ 10. Qxf3 g6 11. g4 Nd4 12. Qf2 c5 13. f5 gxf5 14. gxf5 Rg8+ 15. Kh1 Nxf5 16. Bf4 c4 17. Bxf5 exf5 18. Nb5 d4 19. Qf3 Rb8 20. Qc6+ Qd7 21. Qxd7+ Bxd7 22. Nxd4 Bc5 23. Nf3 Be6 24. Rad1 Rg4 25. Ng5 Rd8 26. Rxd8+ Kxd8 27. h3 Bd5+ 0-1

[Event "BCF-chT3 0910 (4NCL)"]
[Site "England"]
[Date "2010.05.02"]
[Round "10.2"]
[White "Zhu, Yao Yao"]
[Black "Walker, Nicholas P"]
[Result "0-1"]
[WhiteElo "1954"]
[BlackElo "2114"]
[PlyCount "76"]
[EventDate "2009.10.24"]
[EventType "team-tourn"]
[EventRounds "11"]
[EventCountry "ENG"]
[SourceTitle "EXT 2011"]
[Source "ChessBase"]
[SourceDate "2010.11.26"]
[SourceVersion "1"]
[SourceVersionDate "2010.11.26"]
[SourceQuality "1"]
[WhiteTeam "AMCA Hippos"]
[BlackTeam "Hackney"]
[WhiteTeamCountry "ENG"]
[BlackTeamCountry "ENG"]

1. e4 Nc6 2. Nf3 Nf6 3. e5 Ng4 4. d4 d6 5. exd6 Qxd6 6. h3 Nf6 7. c3 Bf5 8. Bc4 e6 9. 0-0 Be7 10. b4 0-0 11. a4 a6 12. Re1 Nd5 13. Bd3 Bg6 14. Ba3 b5 15. Bxg6 hxg6 16. Qc2 Nb6 17. axb5 axb5 18. Nbd2 Bf6 19. Ra2 Qd5 20. Rea1 e5 21. dxe5 Nxe5 22. Nd4 Nec4 23. N2f3 Rfe8 24. Bc1 Bxd4 25. cxd4 Rxa2 26. Rxa2 Qd6 27. Bd2 Nd5 28. Qb3 Nxd2 29. Rxd2 c6 30. Rb2 Ra8 31. Ne5 Ra1+ 32. Rb1 Rxb1+ 33. Qxb1 Qxb4 34. Qa1 Qa4 35. Qb2 b4 36. Qc1 Nc3 37. Qg5 Qd1+ 38. Kh2 Qxd4 0-1